Obras
Gespeichert in:
| 1. Verfasser: | |
|---|---|
| Format: | Buch |
| Sprache: | Spanisch |
| Veröffentlicht: |
Barcelona
Juan Oliveres
1847
|
| Schlagworte: | |
| Tags: |
Tag hinzufügen
Keine Tags, Fügen Sie den ersten Tag hinzu!
|
MARC
| LEADER | 00000cam a2200000 a 4500 | ||
|---|---|---|---|
| 001 | UCF5712 | ||
| 003 | CL-VaPUC | ||
| 008 | 130322e18470000SP |||||||||||||||||spa|d | ||
| 082 | 0 | 4 | |a 248.8943 |b TER |2 21 |
| 100 | |a Teresa de Jesús, Santa |e autora |9 567681 | ||
| 245 | 1 | 0 | |a Obras |
| 300 | |a t | ||
| 942 | |c BK | ||
| 945 | |d 20130322 00:00:00 |a dcastane | ||
| 260 | |a Barcelona |b Juan Oliveres |c 1847 | ||
| 650 | 0 | |a Religión |9 255164 | |
| 650 | 0 | |a Catolicismo |9 258690 | |
| 650 | 0 | |a Vida espiritual |9 307811 | |
| 650 | 0 | |a Órdenes religiosas |9 257499 | |
| 650 | 7 | |a PRACTICA RELIGIOSA |2 CL-VaPUC |9 567682 | |
| 650 | 0 | |a Cartas |9 321777 | |
| 583 | |a last modification |c 20130322 12:27:00 |k Rodrigo Vera | ||
| 999 | |c 351155 |d 351153 | ||
| 952 | |0 0 |1 0 |2 ddc |4 0 |6 248_894300000000000_TER_1847 |7 0 |8 P |9 455115 |a BIBARQ |b BIBARQ |c PAC |d 2019-11-22 |h t.1 |i 4953657 |o 248.8943 TER 1847 |p 4953657 |r 2025-01-20 |w 2019-11-22 |y BK |k ARQ | ||